| 000 | 00922nam1a22002531i 4500 | ||
|---|---|---|---|
| 001 | v19\rc\1795490 | ||
| 005 | 20240726012521.0 | ||
| 035 | _a(NLR Aleph) 004886247 | ||
| 090 |
_a5222746 _c5222746 |
||
| 100 | _a20061204d1905 |||y0rusy50 ca | ||
| 101 | 0 | _arus | |
| 102 | _aRU | ||
| 105 | _a z ||||| | ||
| 200 | 1 |
_aСборник пояснительных записок и расчетов к проектам по сооружению новых линий О-ва Рязанско-Уральской ж. д. 1892-1901 г. _eТ. 1-3 |
|
| 210 |
_aСаратов _d1905 |
||
| 215 |
_a3 т. _d35 |
||
| 710 | 0 | 2 |
_aРязанско-Уральская ж.д. _cдо 1917 г. |
| 801 | 0 |
_aRU _bNLR _gpsbo |
|
| 801 | 0 |
_aRU _bRuMoRGB _2psbo |
|
| 801 | 1 |
_aRU _bProSoft-M _2rusmarc |
|
| 852 |
_aNLR _j37.9.1-2.20 |
||
| 899 |
_aRuMoRGB (без прил.) _jR 441/42 |
||
| 899 |
_aRuMoRGB (без прил.) _jR 441/64 (т. 1) |
||
| 942 | _cBOOK | ||